000 01012nam a22001937a 4500
999 _c61583
_d61583
005 20240326135830.0
008 240326c2010 ge ||||| |||| 00| 0 geo d
022 _a1512-0414
041 _ageo
245 _aარქეოლოგიური ჟურნალი /
_b2010 /
_cრედ. გ. მახარაძე; აკადემიკოს შ. ამირანაშვილის სახელობის ხელოვნების სახელმწიფო მუზეუმი.
260 _aთბილისი,
_c2000-
300 _aV.
653 _aარქეოლოგია
653 _aისტორია
653 _aპერიოდიკა
700 _aმახარაძე, გ.
_eრედაქტორი
_92829
710 _aაკადემიკოს შ. ამირანაშვილის სახელობის ხელოვნების სახელმწიფო მუზეუმი
_921590
942 _2udc
_cCR